Guide To Risk Management In Imports And Exports In India : (Record no. 595366)

MARC details
000 -LEADER
fixed length control field 00500nam a2200193 a 4500
008 - FIXED-LENGTH DATA ELEMENTS--GENERAL INFORMATION
fixed length control field 251103s2007##################000#0#eng##
020 ## - INTERNATIONAL STANDARD BOOK NUMBER
ISBN 9788189960995
082 04 - DEWEY DECIMAL CLASSIFICATION NUMBER
Classification number 658.1550954
Item number CCH
100 1# - MAIN ENTRY--AUTHOR NAME
Personal name Gupta, Ajay Kumar,
245 10 - TITLE STATEMENT
Title Guide To Risk Management In Imports And Exports In India :
260 ## - PUBLICATION, DISTRIBUTION, ETC. (IMPRINT)
Year of publication 2007.
300 ## - PHYSICAL DESCRIPTION
Number of Pages 474 pages
650 #0 - SUBJECT ADDED ENTRY--TOPICAL TERM
Topical Term Trading companies.
942 ## - ADDED ENTRY ELEMENTS (KOHA)
Koha item type English Books
Holdings
Withdrawn status Lost status Damaged status Not for loan Home library Current library Shelving location Date acquired Full call number Accession Number Price effective from Koha item type
        Anna Centenary Library Anna Centenary Library 6TH FLOOR, A WING 03.11.2025 658.1550954 CCH 182269 03.11.2025 English Books

Find us on the map